| 000 | 01395nam a2200241Ia 4500 | ||
|---|---|---|---|
| 003 | Ost | ||
| 005 | 20260507075327.0 | ||
| 008 | 260507s9999||||xx |||||||||||||| ||und|| | ||
| 020 | _a55822499579 | ||
| 040 | _cfsecg | ||
| 041 | _aara | ||
| 082 | _a330 | ||
| 100 |
_aالغالبي، عبد الحسين جليل عبد الحسن _eمؤلف |
||
| 245 | 0 |
_aسعر الصرف و إدارته في ظل الصدمات الاقتصادية : _bنظرية و تطبيقات / _c عبد الحسين جليل عبد الحسن الغالبي |
|
| 260 |
_aعمان: _bدار صفاء, _c2011 |
||
| 300 |
_a327 صفحة؛ _bإيضاحات ؛ _c25 سم |
||
| 504 | _aقائمة الجداول ص.11؛ قائمة الملاحق ص.14 | ||
| 520 | _aمفهوم سعر الصرف و العوامل المؤثرة فيه و نظمه ، قواعد اختيار نظام الصرف و إدارته في ظل الصدمات الحقيقية و النقدية ، بالتطرق الى نموذج روبرت مانديل و فلود و لآخرين ، العوامل المؤثرة في سعر الصرف الأجنبي تجاه عملات بعض الدول المختارة ، و إدارة سعر الصرف في ظل الصدمات الاقتصادية لهذه الدول المختارة | ||
| 653 | _aالاقتصاد | ||
| 653 | _aالنقود | ||
| 653 | _aسعر الصرف | ||
| 942 | _cكتاب | ||
| 999 |
_c43973 _d43973 |
||